| 000 | 00520cam a2200205 4500 | ||
|---|---|---|---|
| 001 | D1441 | ||
| 008 | 090401t1980 xxu||||| |||| 00| 0 eng d | ||
| 035 | _a(Sirsi) u64052 | ||
| 041 | _aeng | ||
| 050 | _a658.154 | ||
| 100 | _aBierman, Harold | ||
| 245 | 4 | _aThe capital budgeting decision: economic analysis of investment projects | |
| 250 | _a5th | ||
| 260 |
_aLondon _bCollier Macmillan _c1980 |
||
| 300 | _axvi. 544p. 24cm | ||
| 350 | _a12.95 | ||
| 700 | _aSmidt, Seymour | ||
| 942 | _n0 | ||
| 948 | _c04/03/1997 | ||
| 999 |
_c94636 _d94636 |
||